Náuka o kovoch : Návody na cvičenie
Saved in:
| Main Authors: | , , , |
|---|---|
| Format: | Book |
| Language: | Slovak |
| Published: |
Bratislava :
SVŠT v Bratislave,
1973
|
| Tags: |
No Tags, Be the first to tag this record!
|
MARC
| LEADER | 00000nam a22000003a 4500 | ||
|---|---|---|---|
| 001 | stu33604 | ||
| 005 | 20150617225655.5 | ||
| 008 | 981104s1973------------------------slo-d | ||
| 040 | |a STU |b slo | ||
| 041 | 0 | |a slo | |
| 100 | 1 | |a Rehák, Juraj |4 aut | |
| 245 | 1 | |a Náuka o kovoch : |b Návody na cvičenie | |
| 260 | |a Bratislava : |b SVŠT v Bratislave, |c 1973 | ||
| 300 | |a 86 s | ||
| 700 | 1 | |a Vrbenská, Jaroslava |4 aut | |
| 700 | 1 | |a Babušek, František |4 aut | |
| 700 | 1 | |a Macko, I. |4 aut | |
| 996 | |b E30969 |c E*30969 |l EE01 |s A |a 24 |w stu33604_0001 | ||